Tilastot visalle 15 maata joissa on eniten Covid-19-tapauksia 28. huh 2021

Klikkaa tästä pelataksesi tätä visaa!

Yleistilastot

  • Tätä visaa on pelattu 2 kertaa
  • Keskiarvotulos 19 / 28

Vastaustilastot

maa% Oikein
Belgia
100%
Brasilia
100%
Espanja
100%
Intia
100%
Iran
100%
Italia
100%
Kolumbia
100%
Meksiko
100%
Puola
100%
Ruotsi
100%
Saksa
100%
Tšekki
100%
Venäjä
100%
Viro
100%
Yhdysvallat
100%
Alankomaat
50%
Argentiina
50%
Israel
50%
Ranska
50%
Slovenia
50%
Turkki
50%
Unkari
50%
Yhdistynyt
kuningaskunta
50%
Bahrain
0%
Kroatia
0%
Liettua
0%
Panama
0%
Portugali
0%

Tulosjakauma

Persentiili vastausten määrän mukaan

Jokaisen tuloksen saaneiden osuus

Tuloshistoriasi

Et ole pelannut tätä visaa